00860nam a2200217 a 450000100100000000500170001000800410002702000150006804000250008308200280010810000250013624501060016126000530026730000200032050000670034050400700040765000300047765000440050765100660055170000250061700001228220200929162758.0091110s1999 dr 001 0bspa d a9768175524 aDO-SdBNPbspacBNPHU a325.210943097293bD671e1 aDomin, Hilde,d1912-10aEscritos autobiográficos sobre Santo Domingo /cHilde Domin ; versión en español Roberto Marte. aSanto Domingo :bEdiciones La Trinitaria,c1999. a97 p. ;c21 cm. aIncluye datos biográficos de la autora en la contracubierta. aIncluye referencias bibliográficas y notas al pie de páginas. 4aAlemanes en santo domingo 4aRefugiados alemanesxRelatos personales 4aRepública DominicanaxMigración E InmigraciónySIGLO XX1 aMarte, Roberto,etr.